| 000 | 00765nam a2200241 i 4500 | ||
|---|---|---|---|
| 001 | 124376 | ||
| 003 | ES-MaACL | ||
| 005 | 20250813062605.0 | ||
| 007 | t| | ||
| 008 | 070322s1928 sp ||||1| spa d | ||
| 080 | _a919.8/.9 | ||
| 100 | 1 |
_aRudolphi, Hans von. _9100499 |
|
| 245 | 1 | 0 |
_aPaíses polares / _cHans Rudolphi ; traducido del alemán por Carlos de Salas. |
| 260 |
_aBarcelona : _bLabor, _c[1928] |
||
| 300 |
_a218 p., 2 map. pleg. : _bil. ; _c17 cm. |
||
| 490 | 1 |
_aColección Labor ; _v174 |
|
| 651 | 4 |
_aRegiones antárticas- _xDescripción. _99299 |
|
| 651 | 4 |
_aRegiones árticas- _xDescripción. _99303 |
|
| 700 | 1 |
_aSalas, Carlos de. _9101725 |
|
| 830 | 0 | 0 |
_aColección Labor _v174 _9184254 |
| 852 |
_aES-MaACL _jE-2694 |
||
| 999 |
_c124376 _d124376 |
||